| 000 | 00512cam a2200145 4500500 | ||
|---|---|---|---|
| 005 | 20260111093457.0 | ||
| 041 | _afre | ||
| 042 | _adc | ||
| 100 | 1 | 0 |
_aMiossec, Alain _eauthor |
| 245 | 0 | 0 | _aJean-Marie Breton, Droit et politique du tourisme, Dalloz Juris Corpus, 718 pages, 2016, 90 € |
| 260 | _c2016. | ||
| 500 | _a19 | ||
| 786 | 0 | _nLa Géographie | 1563 | 4 | 2016-10-01 | p. 53f-56f | 1964-9002 | |
| 856 | 4 | 1 | _uhttps://shs.cairn.info/revue-la-geographie-2016-4-page-53f?lang=fr&redirect-ssocas=7080 |
| 999 |
_c1626439 _d1626439 |
||